000 01178nam a2200277Ia 4500
003 OSt
005 20221005111937.0
006 a|||||r|||| 00| 0
007 ta
008 221004b |||||||| |||| 00| 0 san d
020 _a9789383721993 (hbk)
_cINR 900.00
024 _a29756
037 _b290, 07/03/2017, Eastern Book Linkers
_cTextual
040 _aCRL
_cCRL
_bsan
041 _2san
_asan
082 _aQ25, 152Q5
100 _aद्विवेदी, श्यामाकान्त, ‘आनन्द’, ले.
_9624266
245 0 _aशक्तितत्व एवं शाक्त-साधना
246 _aShaktitatva evan shākta-sādhanā
260 _aवाराणसी
_bचौखम्बा सुरभारती प्रकाशन भारत
_c2015
300 _a662पृ0
_ccm.
490 _aचौखम्बा सुरभारती ग्रन्थमाला; 593
650 _aधर्म
942 _hQ25, 152Q5
_cTEXL
_2cc
999 _c1023373
_d1023373